Normal view
MARC view
Entry Personal Name
001 - CONTROL NUMBER
- control field: 68648
003 - CONTROL NUMBER IDENTIFIER
- control field: dpl
005 - DATE AND TIME OF LATEST TRANSACTION
- control field: 20240722120723.0
008 - FIXED-LENGTH DATA ELEMENTS
- fixed length control field: 240722|| aca||aabn | a|a d
040 ## - CATALOGING SOURCE
- Original cataloging agency: dpl
- Transcribing agency: dpl
100 ## - HEADING--PERSONAL NAME
- Personal name: गुप्ता,रीता दत्ता
670 ## - SOURCE DATA FOUND
- Source citation: Work cat.: (dpl)204243: गुप्ता,रीता दत्ता, मंजिनी कैसे बना जादूगरः , 2023
